MS-DOS 6.2 Kompletní průvodce

Na minha lista:
Detalhes bibliográficos
Autor principal: Brandejs, Michal
Formato: Livro
Idioma:tcheco
Publicado em: Praha Grada 1994
Edição:1. vyd.
Tags: Adicionar Tag
Sem tags, seja o primeiro a adicionar uma tag!

MARC

LEADER 00000nam a2200000 4500
001 c005690
005 20240201131020.5
020 |a 80-7169-077-5 
041 0 |a cze 
044 |a CZ 
245 1 0 |a MS-DOS 6.2  |b Kompletní průvodce  |c Michal Brandejs 
250 |a 1. vyd. 
264 1 |a Praha  |b Grada  |c 1994 
300 |a 519 s. 
100 1 |a Brandejs, Michal